Prayer : (Record no. 119821)
[ view plain ]
| 000 -LEADER | |
|---|---|
| fixed length control field | 00972cam a2200313ua 4500 |
| 001 - CONTROL NUMBER | |
| control field | 4449610 |
| 003 - CONTROL NUMBER IDENTIFIER | |
| control field | ARRUPE |
| 005 - DATE AND TIME OF LATEST TRANSACTION | |
| control field | 20140131120115.0 |
| 008 - FIXED-LENGTH DATA ELEMENTS--GENERAL INFORMATION | |
| fixed length control field | 850710s1985 deu b 001 0 eng d |
| 010 ## - LIBRARY OF CONGRESS CONTROL NUMBER | |
| LC control number | 84048852 |
| 020 ## - INTERNATIONAL STANDARD BOOK NUMBER | |
| International Standard Book Number | 0894533274 |
| 035 ## - SYSTEM CONTROL NUMBER | |
| System control number | (OCoLC)12131238 |
| 035 ## - SYSTEM CONTROL NUMBER | |
| System control number | (OCoLC)ocm12131238 |
| 035 ## - SYSTEM CONTROL NUMBER | |
| System control number | (NNC)4449610 |
| 040 ## - CATALOGING SOURCE | |
| Original cataloging agency | NNUT |
| Transcribing agency | NNUT |
| 090 ## - LOCALLY ASSIGNED LC-TYPE CALL NUMBER (OCLC); LOCAL CALL NUMBER (OCLC) | |
| Classification number (OCLC) (R) ; Classification number, CALL (RLIN) (NR) | BV207 |
| Local cutter number (OCLC) ; Book number/undivided call number, CALL (RLIN) | .C86 1985 |
| 300 ## - PHYSICAL DESCRIPTION | |
| Dimensions | 23 cm. |
| 100 1# - MAIN ENTRY--PERSONAL NAME | |
| Personal name | Cunningham, Agnes, |
| Dates associated with a name | 1923- |
| 9 (RLIN) | 7496 |
| 245 10 - TITLE STATEMENT | |
| Title | Prayer : |
| Remainder of title | personal and liturgical / |
| Statement of responsibility, etc | by Agnes Cunningham. |
| 260 ## - PUBLICATION, DISTRIBUTION, ETC. (IMPRINT) | |
| Place of publication, distribution, etc | Wilmington, Del. : |
| Name of publisher, distributor, etc | Michael Glazier, |
| Date of publication, distribution, etc | 1985. |
| 300 ## - PHYSICAL DESCRIPTION | |
| Extent | 147 p. ; |
| 490 1# - SERIES STATEMENT | |
| Series statement | Message of the fathers of the church ; |
| Volume number/sequential designation | v. 16 |
| 500 ## - GENERAL NOTE | |
| General note | Includes index. |
| 504 ## - BIBLIOGRAPHY, ETC. NOTE | |
| Bibliography, etc | Bibliography: p. 146. |
| 650 #0 - SUBJECT ADDED ENTRY--TOPICAL TERM | |
| Topical term or geographic name as entry element | Prayer. |
| 9 (RLIN) | 7497 |
| 650 #0 - SUBJECT ADDED ENTRY--TOPICAL TERM | |
| Topical term or geographic name as entry element | Prayer |
| General subdivision | Christianity |
| -- | History |
| Chronological subdivision | Early church, ca. 30-600 |
| Form subdivision | Sources. |
| 9 (RLIN) | 7498 |
| 830 #0 - SERIES ADDED ENTRY--UNIFORM TITLE | |
| Uniform title | Message of the fathers of the church ; |
| Volume number/sequential designation | v. 16. |
| 9 (RLIN) | 7499 |
| 942 ## - ADDED ENTRY ELEMENTS (KOHA) | |
| Source of classification or shelving scheme | Library of Congress Classification |
| Koha item type | Monograph ( Printed materials) |
| Withdrawn status | Lost status | Source of classification or shelving scheme | Damaged status | Not for loan | Collection code | Home library | Current library | Shelving location | Date acquired | Total Checkouts | Full call number | Barcode | Date last seen | Price effective from | Koha item type |
|---|---|---|---|---|---|---|---|---|---|---|---|---|---|---|---|
| Library of Congress Classification | Main Collection | ARRUPE LIBRARY | ARRUPE LIBRARY | Main Collection | 31/01/2014 | BV207.C86 1985 | 46412063 | 24/01/2017 | 31/01/2014 | Monograph ( Printed materials) |